Clic D'où vient le nom de ces territoires ? (1) - Statistiques

Statistiques générales
  • Ce quiz a été pris 25 fois
  • Le résultat moyen est 9 sur 27
Statistiques - réponses
Hint Réponse % Correct
Nicaragua De Nicarao
83%
Bolivie Du Libertador de l'Amérique
74%
Terre Adélie De la femme de l'explorateur Dumont d'Urville
70%
Alberta D'un fils de la reine Victoria d'Angleterre
57%
Irlande D'une déesse celte de la fertilité
52%
Liechtenstein D'une famille princière
52%
Iles Kerguelen D'un navigateur breton du XVIIIe siècle
52%
Philippines D'un roi d'Espagne
52%
Ouzbékistan De l'ancêtre mythologique des Turcs
43%
Amérique D'un navigateur florentin
43%
Iles Malouines Des habitants d'un port français
39%
Arabie saoudite D'une dynastie royale
39%
Luxembourg D'une famille comtale
35%
Mozambique De Mussi Bin Bique
30%
Saint-Marin Du fondateur d'un monastère
30%
Chine D'une dynastie impériale
30%
Martinique / Saint-Martin D'un saint évêque français
30%
Sao Tomé et Principe D'un des apôtres
26%
Caroline du Nord et du Sud D'un roi d'Angleterre du XVIIe siècle
22%
Georgie Du saint patron des cavaliers
17%
Pennsylvanie D'un amiral anglais du XVIIe siècle
13%
Azerbaïdjan D'un général perse
13%
Bermudes D'un navigateur espagnol
9%
Angola Du titre porté par les rois locaux
9%
Saint-Barthélémy Du frère de Christophe Colomb
4%
Saint Vincent et les Grenadines D'un martyr de Saragosse
4%
Maurice D'un stathouder de la République néerlandaise
4%
Aucun quiz correspondant
Distribution des résultats
% des personnes avec chaque résultat
Percentile par nombre de réponses
Votre historique - résultats
Vous n’avez pas pris ce quiz